000 01175nam a2200265Ia 4500
999 _c56014
_d56014
001 23114
003 GE_BSU
005 20230710152239.0
008 181216s1984||||ge |||||||||||||| ||geo||
040 _cGE_BSU
041 _ageo
080 _a821.111(73)-31 ფ-79
100 _aფოლკნერი, უილიამ
_914793
245 _aხმაური და მძინვარება :
_b რომანი /
_cინგლ. თარგმანი და ბოლოსიტყვ. ზ. კილაძის ; რედ. ი. ლეჟავა.
264 _aთბილისი :
_bმერანი,
_c1984.
300 _a317 გვ. ;
_c20 სმ.
500 _aგაშლილი თავფურცელი ინგლისურ ენაზე
520 _aგაშლ. თავფ. ინგლ. ენ.
541 _h3 ლ. 20 თ.
653 _aხმაური და მძინვარება
653 _a რომანი
700 _aკილაძე, ზ.
_eმთარგმნელი
_916222
700 _aლეჟავა, ი.
_eრედაქტორი
_919117
942 _cBK
_2udc